Statystyki dla Czy znasz flagi tych państw?

Kliknij tutaj aby rozwiązać quiz!

Ogólne statystyki

  • Ten quiz został rozwiązany 10,608 razy
  • Średni wynik to 29 z 42

Statystyki odpowiedzi

Answer % Correct
Japonia
99%
Belgia
98%
Niemcy
98%
Stany Zjednoczone
97%
Portugalia
97%
Cypr
95%
Grecja
94%
Chile
93%
Kanada
93%
Austria
92%
Izrael
91%
Jamajka
91%
Egipt
91%
Estonia
90%
Malta
87%
Czarnogóra
87%
Panama
83%
San Marino
82%
Korea północna
79%
Peru
78%
Senegal
78%
Katar
77%
Ekwador
77%
Macedonia Północna
74%
Mołdawia
72%
Wietnam
68%
Kenia
66%
Honduras
65%
Pakistan
64%
Filipiny
64%
Malezja
56%
Sri Lanka
49%
Liberia
46%
Uganda
45%
Sudan
35%
Kirgistan
34%
Bahamy
32%
Lesotho
25%
Malediwy
24%
Antigua i Barbuda
22%
Nauru
19%
Nambia
13%

Rozkład punktacji

Percentyl według liczby udzielonych odpowiedzi

Procent ludzi z każdym wynikiem

Twoja historia wyników

Nie rozwiązałeś tego quizu